El Trips de California en nectarinos y uva de mesa
Αποθηκεύτηκε σε:
| Κύριος συγγραφέας: | |
|---|---|
| Άλλοι συγγραφείς: | , |
| Μορφή: | Βιβλίο |
| Γλώσσα: | Ισπανικά |
| Έκδοση: |
La Cruz, Chile
INIA
2001
|
| Σειρά: | Boletín INIA.
53 |
| Θέματα: | |
| Ετικέτες: |
Προσθήκη ετικέτας
Δεν υπάρχουν, Καταχωρήστε ετικέτα πρώτοι!
|
MARC
| LEADER | 00000nam a2200000 a 4500 | ||
|---|---|---|---|
| 001 | UCL6836 | ||
| 003 | CL-VaPUC | ||
| 005 | 20250127171356.0 | ||
| 008 | 040423e20010000CL |||||||||||||||||spa|d | ||
| 999 | |c 308722 |d 308720 | ||
| 040 | |c Pontificia Universidad Católica de Valparaíso | ||
| 082 | 0 | 4 | |a 632.65758 RIP 2001 |2 21 |
| 100 | |a Ripa Schaul, Renato |e autor |9 788171 | ||
| 245 | 1 | 3 | |a El Trips de California en nectarinos y uva de mesa |
| 260 | 0 | 3 | |a La Cruz, Chile |b INIA |c 2001 |
| 300 | |a 100 páginas | ||
| 490 | 0 | |a Boletín INIA. |v 53 | |
| 583 | |a last modification |c 20040423 00:00:00 |k Rodrigo Vera | ||
| 600 | 0 | 7 | |a THYSANOPTERA |2 CL-VaPUC |9 484460 |
| 650 | 0 | |a Control de plagas |9 327373 | |
| 650 | 7 | |a INSECTOS PLAGA |2 CL-VaPUC |9 484461 | |
| 650 | 0 | |a Fruticultura |9 259678 | |
| 700 | 0 | |a Rodríguez A., Fernando |9 484458 | |
| 700 | 0 | |a Espinoza H., M. Fernanda |9 484459 | |
| 942 | |c BK |2 ddc | ||
| 945 | |d 20040423 00:00:00 |a cmena | ||
| 952 | |0 0 |1 0 |2 ddc |4 0 |6 632_657580000000000_RIP_2001 |7 0 |8 A |9 375496 |a BIBAGR |b BIBAGR |d 2019-11-21 |i 4000587 |l 2 |o 632.65758 RIP 2001 |p 4000587 |r 2025-01-20 |s 2023-04-12 |t 2 |w 2019-11-21 |y BK |k AGR | ||
| 952 | |0 0 |1 0 |2 ddc |4 0 |6 632_657580000000000_RIP_2001 |7 0 |8 A |9 375497 |a BIBAGR |b BIBAGR |d 2019-11-21 |i 4000595 |l 1 |m 1 |o 632.65758 RIP 2001 |p 4000595 |r 2025-01-20 |s 2023-05-17 |t 3 |w 2019-11-21 |y BK |k AGR | ||
| 952 | |0 0 |1 0 |2 ddc |4 0 |6 632_657580000000000_RIP_2001 |7 0 |8 A |9 375498 |a BIBCUR |b BIBCUR |d 2019-11-21 |i 4290429 |o 632.65758 RIP 2001 |p 4290429 |r 2025-04-22 |t 1 |w 2019-11-21 |y BK |k BIO | ||
| 952 | |0 0 |1 0 |2 ddc |4 0 |6 632_657580000000000_RIP_2001 |7 0 |8 A |9 375499 |a BIBAGR |b BIBAGR |d 2019-11-21 |i 4695496 |l 1 |o 632.65758 RIP 2001 |p 4695496 |r 2025-01-20 |s 2023-03-15 |t 4 |w 2019-11-21 |y BK |k AGR | ||